[Event "ROM-ch U08 Girls"]
[Site "Calimanesti Caciulata"]
[Date "2019.04.20"]
[Round "7.10"]
[White "Serbanoiu, Maria"]
[Black "Rotaru, Alexandra Ioana"]
[Result "0-1"]
[WhiteElo "1001"]
[BlackElo "1001"]
[PlyCount "22"]
[EventDate "2019.04.15"]
[EventType "swiss"]
[EventRounds "9"]
[EventCountry "ROU"]
[SourceTitle "EXT 2024"]
[Source "ChessBase"]
[SourceDate "2023.10.10"]
[SourceVersion "1"]
[SourceVersionDate "2023.10.10"]
[SourceQuality "1"]

1. e4 e5 2. Bb5 Nc6 3. Nf3 Nf6 4. 0-0 a6 5. Bxc6 dxc6 6. d3 Bc5 7. Nxe5 Qd4 8. c3 Qxe5 9. Qb3 b5 10. Kh1 Ng4 11. f3 Qxh2# 0-1

[Event "ROM-ch U08 Girls"]
[Site "Calimanesti Caciulata"]
[Date "2019.04.19"]
[Round "6.8"]
[White "Sunea, Sara Maria"]
[Black "Rotaru, Alexandra Ioana"]
[Result "1-0"]
[WhiteElo "1001"]
[BlackElo "1001"]
[PlyCount "59"]
[EventDate "2019.04.15"]
[EventType "swiss"]
[EventRounds "9"]
[EventCountry "ROU"]
[SourceTitle "EXT 2024"]
[Source "ChessBase"]
[SourceDate "2023.10.10"]
[SourceVersion "1"]
[SourceVersionDate "2023.10.10"]
[SourceQuality "1"]

1. e4 e5 2. Nf3 d6 3. Bc4 Bg4 4. 0-0 Nf6 5. Nc3 Be6 6. Bxe6 fxe6 7. d4 exd4 8. Qxd4 Nc6 9. Qa4 Qd7 10. Be3 Ne5 11. Nxe5 dxe5 12. Qb3 Ng4 13. Qxb7 Qd8 14. Qc6+ Qd7 15. Qxa8+ Qd8 16. Qxd8+ Kxd8 17. Rad1+ Ke8 18. Bxa7 Bd6 19. f3 Nf6 20. Nb5 Ke7 21. Nxd6 cxd6 22. f4 Ra8 23. Be3 Rxa2 24. fxe5 dxe5 25. Bc5+ Kf7 26. Rd7+ Ke8 27. Re7+ Kd8 28. Rxg7 Rxb2 29. Rxf6 Ke8 30. Rf8# 1-0

[Event "ROM-ch U08 Girls"]
[Site "Calimanesti Caciulata"]
[Date "2019.04.17"]
[Round "4.9"]
[White "Cretescu, Emma"]
[Black "Rotaru, Alexandra Ioana"]
[Result "1-0"]
[WhiteElo "1001"]
[BlackElo "1001"]
[PlyCount "45"]
[EventDate "2019.04.15"]
[EventType "swiss"]
[EventRounds "9"]
[EventCountry "ROU"]
[SourceTitle "EXT 2024"]
[Source "ChessBase"]
[SourceDate "2023.10.10"]
[SourceVersion "1"]
[SourceVersionDate "2023.10.10"]
[SourceQuality "1"]

1. e4 e5 2. Nf3 d6 3. Nc3 Bg4 4. d3 g5 5. Bxg5 f6 6. Bh4 Be7 7. Be2 f5 8. 0-0 Nc6 9. h3 Bxf3 10. Bxf3 f4 11. Nd5 Nd4 12. Bxe7 Nxe7 13. Nc3 Nxf3+ 14. Qxf3 Qd7 15. Qh5+ Ng6 16. Nd5 c6 17. Nf6+ Ke7 18. Nxd7 Kxd7 19. Qg4+ Kc7 20. Rad1 h6 21. Qxg6 Rac8 22. Qg7+ Kd8 23. Qxh8+ 1-0

[Event "ROM-ch U08 Girls"]
[Site "Calimanesti Caciulata"]
[Date "2019.04.17"]
[Round "3.6"]
[White "Rotaru, Alexandra Ioana"]
[Black "Boerescu Tutulan, Maria Paula"]
[Result "0-1"]
[WhiteElo "1001"]
[BlackElo "1001"]
[PlyCount "52"]
[EventDate "2019.04.15"]
[EventType "swiss"]
[EventRounds "9"]
[EventCountry "ROU"]
[SourceTitle "EXT 2024"]
[Source "ChessBase"]
[SourceDate "2023.10.10"]
[SourceVersion "1"]
[SourceVersionDate "2023.10.10"]
[SourceQuality "1"]

1. e4 e5 2. Nf3 Nc6 3. Bb5 a6 4. Bxc6 dxc6 5. Nxe5 Bd6 6. f4 Bxe5 7. fxe5 Qe7 8. d4 c5 9. dxc5 Qh4+ 10. g3 Qxe4+ 11. Kf1 Qxh1+ 12. Ke2 Qe4+ 13. Be3 Bg4+ 14. Kd2 Bxd1 15. Kxd1 Qxe3 16. c6 Qd4+ 17. Ke2 Qe4+ 18. Kf2 Qxc6 19. Nc3 Qb6+ 20. Ke2 Qg6 21. Rc1 Qh5+ 22. Kd2 Qg5+ 23. Kd1 Qxe5 24. Ra1 Rd8+ 25. Kc1 Qe1+ 26. Nd1 Qxd1# 0-1